Адаптивная делительная автоматика по частоте для энергорайонов с объектами распределенной генерации; Энергетика и энергосбережение: теория и практика

Бібліографічні деталі
Parent link:Энергетика и энергосбережение: теория и практика.— 2018.— [6 с.]
Автор: Рындин И. А. Илья Андреевич
Співавтор: Национальный исследовательский Томский политехнический университет Инженерная школа энергетики Отделение электроэнергетики и электротехники (ОЭЭ)
Інші автори: Абеуов Р. Б. Ренат Болтабаевич
Резюме:Заглавие с экрана
Мова:Російська
Опубліковано: 2018
Серія:Управление электротехническими комплексами и системами
Предмети:
Онлайн доступ:http://science.kuzstu.ru/wp-content/Events/Conference/energ/2018/energ/pages/Articles/_328.pdf
Формат: Електронний ресурс Частина з книги
KOHA link:https://koha.lib.tpu.ru/cgi-bin/koha/opac-detail.pl?biblionumber=660055

MARC

LEADER 00000naa0a2200000 4500
001 660055
005 20250828111440.0
035 |a (RuTPU)RU\TPU\network\28977 
035 |a RU\TPU\network\28180 
090 |a 660055 
100 |a 20190422d2018 k y0rusy50 ca 
101 0 |a rus 
102 |a RU 
135 |a drcn ---uucaa 
181 0 |a i  
182 0 |a b 
200 1 |a Адаптивная делительная автоматика по частоте для энергорайонов с объектами распределенной генерации  |f И. А. Рындин, Р. Б. Абеуов 
203 |a Текст  |c электронный 
225 1 |a Управление электротехническими комплексами и системами 
300 |a Заглавие с экрана 
320 |a [Библиогр.: 2 назв.] 
463 |t Энергетика и энергосбережение: теория и практика  |o сборник материалов IV всероссийской научно-практической конференции, 19-21 декабря 2018 г., Кемерово  |f Кузбасский государственный технический университет (КузГТУ)  |v [6 с.]  |d 2018 
610 1 |a электронный ресурс 
610 1 |a труды учёных ТПУ 
610 1 |a автоматика 
610 1 |a энергорайоны 
610 1 |a распределенная генерация 
700 1 |a Рындин  |b И. А.  |g Илья Андреевич 
701 1 |a Абеуов  |b Р. Б.  |c специалист в области электроэнергетики  |c доцент Томского политехнического университета, кандидат технических наук  |f 1979-  |g Ренат Болтабаевич  |3 (RuTPU)RU\TPU\pers\27227  |9 12691 
712 0 2 |a Национальный исследовательский Томский политехнический университет  |b Инженерная школа энергетики  |b Отделение электроэнергетики и электротехники (ОЭЭ)  |3 (RuTPU)RU\TPU\col\23505 
801 2 |a RU  |b 63413507  |c 20190422  |g RCR 
856 4 |u http://science.kuzstu.ru/wp-content/Events/Conference/energ/2018/energ/pages/Articles/_328.pdf 
942 |c CF